[Event "FAI-chT 1920"]
[Site "Faroe Islands"]
[Date "2019.11.17"]
[Round "4.1"]
[White "Andreasen, Jakup a Rogvi"]
[Black "Nielsen, Hogni Egilstoft"]
[Result "0-1"]
[WhiteElo "1986"]
[BlackElo "2413"]
[PlyCount "66"]
[EventDate "2019.10.13"]
[EventType "team-tourn"]
[EventRounds "10"]
[EventCountry "FAI"]
[SourceTitle "CBM 195 Extra"]
[Source "ChessBase"]
[SourceDate "2020.05.31"]
[SourceVersion "1"]
[SourceVersionDate "2020.05.31"]
[SourceQuality "1"]
[WhiteTeam "Vestmanna"]
[BlackTeam "Sandavagur"]
[WhiteTeamCountry "FAI"]
[BlackTeamCountry "FAI"]

1. d4 e6 2. c4 Nf6 3. Nf3 b6 4. g3 Ba6 5. Qa4 Be7 6. Bg2 Bb7 7. 0-0 0-0 8. Nc3 Ne4 9. Nd1 f5 10. Nd2 Bc6 11. Qc2 Nxd2 12. Bxd2 Bxg2 13. Kxg2 Bf6 14. d5 Na6 15. Rc1 Qe7 16. Nc3 Qf7 17. Rcd1 Rae8 18. Rfe1 Qh5 19. Nb5 exd5 20. cxd5 Rxe2 21. d6 cxd6 22. Qc4+ Re6 23. Rxe6 dxe6 24. Qxe6+ Kh8 25. Re1 f4 26. Nxd6 f3+ 27. Kh1 h6 28. b4 Nc7 29. Qd7 Nd5 30. Re8 Rxe8 31. Nf7+ Kh7 32. Qxe8 Qh3 33. Qe4+ g6 0-1

[Event "FAI-chT 1920"]
[Site "Faroe Islands"]
[Date "2019.11.03"]
[Round "3.2"]
[White "Merkistein, Suni"]
[Black "Andreasen, Jakup a Rogvi"]
[Result "1/2-1/2"]
[WhiteElo "1897"]
[BlackElo "1986"]
[PlyCount "59"]
[EventDate "2019.10.13"]
[EventType "team-tourn"]
[EventRounds "10"]
[EventCountry "FAI"]
[SourceTitle "CBM 195 Extra"]
[Source "ChessBase"]
[SourceDate "2020.05.31"]
[SourceVersion "1"]
[SourceVersionDate "2020.05.31"]
[SourceQuality "1"]
[WhiteTeam "Havnin II"]
[BlackTeam "Vestmanna"]
[WhiteTeamCountry "FAI"]
[BlackTeamCountry "FAI"]

1. Nf3 d5 2. c4 e6 3. d4 c6 4. e3 Bd6 5. Nc3 f5 6. Bd3 Nf6 7. Ne5 0-0 8. 0-0 Qe7 9. f4 Ne4 10. c5 Bc7 11. Bd2 Nd7 12. b4 Kh8 13. b5 Nxe5 14. fxe5 Bd7 15. a4 Nxd2 16. Qxd2 Ba5 17. bxc6 Bxc6 18. Qb2 Rab8 19. Nb5 b6 20. cxb6 Rxb6 21. Qc2 Rfb8 22. Rab1 Qg5 23. Qe2 Bxb5 24. Rxb5 Rxb5 25. Bxb5 Qe7 26. Rc1 h6 27. Rc6 Kh7 28. Qc2 Qb4 29. Qe2 Rb6 30. Rxb6 1/2-1/2

[Event "FAI-chT2 1415"]
[Site "Faroe Islands"]
[Date "2014.11.02"]
[Round "2.1"]
[White "Berg, Margar"]
[Black "Andreasen, Jakup a Rogvi"]
[Result "0-1"]
[WhiteElo "1849"]
[BlackElo "1967"]
[PlyCount "60"]
[EventDate "2014.10.26"]
[EventType "team-tourn"]
[EventRounds "10"]
[EventCountry "FAI"]
[SourceTitle "CBM 163 Extra"]
[Source "ChessBase"]
[SourceDate "2014.12.23"]
[SourceVersion "1"]
[SourceVersionDate "2014.12.23"]
[SourceQuality "1"]
[WhiteTeam "Havnin III"]
[BlackTeam "Vestmanna"]
[WhiteTeamCountry "FAI"]
[BlackTeamCountry "FAI"]

1. d4 Nf6 2. Bg5 d5 3. Bxf6 exf6 4. e3 Be7 5. c4 0-0 6. Nc3 dxc4 7. Bxc4 c6 8. Nge2 b5 9. Bb3 a5 10. a4 b4 11. Nb1 Nd7 12. Nd2 c5 13. d5 Nb6 14. e4 f5 15. f3 Bh4+ 16. g3 Bf6 17. Qc2 fxe4 18. fxe4 Ba6 19. Qxc5 Re8 20. Qf2 Bxb2 21. 0-0 Bxa1 22. Rxa1 Bxe2 23. Qxe2 Nxd5 24. Qc4 Nf6 25. Qxf7+ Kh8 26. Rd1 Qd4+ 27. Kg2 Rad8 28. Qb7 Ng4 29. Nf3 Qf2+ 30. Kh3 Qxf3 0-1

[Event "FAI-ch B"]
[Site "Torshavn"]
[Date "2013.03.26"]
[Round "4"]
[White "Andreasen, Jakup a Rogvi"]
[Black "Jacobsen, Heidrikur Tindskar"]
[Result "1-0"]
[WhiteElo "1979"]
[BlackElo "1898"]
[PlyCount "59"]
[EventDate "2013.03.23"]
[EventType "tourn"]
[EventRounds "9"]
[EventCountry "FAI"]
[SourceTitle "EXT 2015"]
[Source "ChessBase"]
[SourceDate "2014.11.20"]
[SourceVersion "1"]
[SourceVersionDate "2014.11.20"]
[SourceQuality "1"]

1. d4 Nf6 2. c4 e6 3. Nf3 d5 4. Nc3 c6 5. g3 Bd6 6. b3 0-0 7. Bg2 Qa5 8. Bd2 Qc7 9. 0-0 Ne4 10. Nxe4 dxe4 11. Ng5 f5 12. f3 h6 13. Nh3 e5 14. fxe4 exd4 15. Qc2 Re8 16. exf5 Rxe2 17. Qd3 Re5 18. f6 Qf7 19. Bf4 Bf5 20. Qd2 Bxh3 21. Bxh3 Qh5 22. Bxe5 Qxe5 23. Rae1 Qc5 24. b4 Qxb4 25. Qxb4 Bxb4 26. f7+ Kh7 27. Re8 a6 28. f8Q Bxf8 29. Rfxf8 Kg6 30. Rxb8 1-0

[Event "FAI-ch B"]
[Site "Torshavn"]
[Date "2013.03.24"]
[Round "2"]
[White "Jacobsen, Suni"]
[Black "Andreasen, Jakup a Rogvi"]
[Result "1/2-1/2"]
[WhiteElo "1857"]
[BlackElo "1979"]
[PlyCount "86"]
[EventDate "2013.03.23"]
[EventType "tourn"]
[EventRounds "9"]
[EventCountry "FAI"]
[SourceTitle "EXT 2015"]
[Source "ChessBase"]
[SourceDate "2014.11.20"]
[SourceVersion "1"]
[SourceVersionDate "2014.11.20"]
[SourceQuality "1"]

1. d4 d5 2. Nf3 Nf6 3. g3 Bf5 4. Bg2 e6 5. 0-0 c6 6. c4 Nbd7 7. Nbd2 h6 8. Qb3 Qb6 9. c5 Qc7 10. Nh4 Bh7 11. f4 g5 12. Nhf3 gxf4 13. gxf4 Ne4 14. Nxe4 Bxe4 15. Be3 Rg8 16. Kh1 Nf6 17. Nh4 Bxg2+ 18. Nxg2 Ng4 19. Bg1 f5 20. Rf3 Qf7 21. Rd1 Bg7 22. Rg3 Nf6 23. Nh4 Nh5 24. Rf3 Bf6 25. Bf2 0-0-0 26. Ng2 Rg4 27. Rdd3 Rdg8 28. Bg3 Qg7 29. Qa3 Kb8 30. Rb3 Bxd4 31. Qa6 Nxg3+ 32. Rxg3 Rxg3 33. hxg3 Bxc5 34. Qxc6 Qe7 35. Qb5 Rc8 36. Rc3 Bf2 37. Qd3 Rxc3 38. Qxc3 Bc5 39. Nh4 d4 40. Qc4 Bb6 41. Nf3 Qd6 42. Ne5 Qe7 43. Qb5 Kc7 1/2-1/2

[Event "FAI-chT 1213"]
[Site "Faroe Islands"]
[Date "2013.03.09"]
[Round "10.4"]
[White "Nolsoe, Rani"]
[Black "Andreasen, Jakup a Rogvi"]
[Result "1-0"]
[WhiteElo "2050"]
[BlackElo "1995"]
[PlyCount "63"]
[EventDate "2012.10.28"]
[EventType "team-tourn"]
[EventRounds "10"]
[EventCountry "FAI"]
[SourceTitle "EXT 2014"]
[Source "ChessBase"]
[SourceDate "2013.11.20"]
[SourceVersion "1"]
[SourceVersionDate "2013.11.20"]
[SourceQuality "1"]
[WhiteTeam "Klaksvik"]
[BlackTeam "Vestmanna"]
[WhiteTeamCountry "FAI"]
[BlackTeamCountry "FAI"]

1. e4 c5 2. Nf3 Nc6 3. d4 cxd4 4. Nxd4 e5 5. Nb5 d6 6. c4 Be7 7. N1c3 a6 8. Na3 f5 9. Bd3 f4 10. Nd5 Nf6 11. Nc2 0-0 12. 0-0 Kh8 13. f3 Rg8 14. b4 Nxd5 15. exd5 Nxb4 16. Nxb4 Qb6+ 17. Kh1 Qxb4 18. Qe2 Qc5 19. Bxf4 exf4 20. Qe4 Bf5 21. Qxf5 g6 22. Qxf4 Rgf8 23. Qd2 Bd8 24. Rab1 Rb8 25. Rfe1 Bf6 26. Re6 Kg7 27. Rbe1 Rf7 28. Qf4 Be5 29. Qg5 Qd4 30. Bb1 Qxc4 31. R6xe5 h6 32. Qxg6+ 1-0

[Event "FAI-chT 1213"]
[Site "Faroe Islands"]
[Date "2013.01.19"]
[Round "6.4"]
[White "Andreasen, Jakup a Rogvi"]
[Black "Hansen, Herluf"]
[Result "1/2-1/2"]
[WhiteElo "1995"]
[BlackElo "2087"]
[PlyCount "110"]
[EventDate "2012.10.28"]
[EventType "team-tourn"]
[EventRounds "10"]
[EventCountry "FAI"]
[SourceTitle "EXT 2014"]
[Source "ChessBase"]
[SourceDate "2013.11.20"]
[SourceVersion "1"]
[SourceVersionDate "2013.11.20"]
[SourceQuality "1"]
[WhiteTeam "Vestmanna"]
[BlackTeam "Havnin"]
[WhiteTeamCountry "FAI"]
[BlackTeamCountry "FAI"]

1. d4 d5 2. Nf3 e6 3. g3 c5 4. Bg2 Nc6 5. 0-0 Nf6 6. c4 dxc4 7. dxc5 Qxd1 8. Rxd1 Bxc5 9. Nbd2 c3 10. bxc3 0-0 11. Nb3 Be7 12. c4 a5 13. Bf4 a4 14. Nbd4 Na5 15. Rac1 Ne4 16. Nb5 Nc6 17. Nfd4 Nxd4 18. Rxd4 Nc5 19. Bd6 Bxd6 20. Rxd6 Ra6 21. Rcd1 Rxd6 22. Rxd6 Bd7 23. Rb6 Rb8 24. Nd6 Kf8 25. Kf1 Ke7 26. Ne4 Na6 27. Nd2 Nc5 28. Ke1 Kd8 29. Ne4 Nxe4 30. Bxe4 Rc8 31. Rb4 b6 32. Kd2 Kc7 33. Kc3 f5 34. Bc2 Ra8 35. Kd4 Ra5 36. f4 Bc6 37. e4 fxe4 38. Bxe4 g5 39. fxg5 Rxg5 40. Bxc6 Kxc6 41. Rxa4 h5 42. Ra3 Kd6 43. h3 Rf5 44. Rb3 Kc6 45. Re3 Kd6 46. Rb3 Kc6 47. Rb5 Rf3 48. Rxh5 Rxg3 49. Ke5 Re3+ 50. Kf6 e5 51. h4 e4 52. Re5 Re1 53. h5 e3 54. Ke6 e2 55. a4 Rh1 1/2-1/2

[Event "Vestmanna Almennur op"]
[Site "Vestmanna"]
[Date "2011.04.19"]
[Round "5.1"]
[White "Andreasen, Jakup a Rogvi"]
[Black "Dam, Vagnur"]
[Result "1-0"]
[WhiteElo "1994"]
[BlackElo "1671"]
[PlyCount "71"]
[EventDate "2011.04.16"]
[EventType "swiss"]
[EventRounds "9"]
[EventCountry "FAI"]
[SourceTitle "EXT 2024"]
[Source "ChessBase"]
[SourceDate "2023.10.10"]
[SourceVersion "1"]
[SourceVersionDate "2023.10.10"]
[SourceQuality "1"]

1. d4 Nf6 2. Bg5 e6 3. e4 Be7 4. Bd3 d5 5. e5 Nfd7 6. Be3 c5 7. c3 cxd4 8. cxd4 Nc6 9. Ne2 Nb4 10. Bb5 a6 11. Ba4 b5 12. Bb3 Nb6 13. a3 Nc6 14. 0-0 Nc4 15. Bc1 Bd7 16. Bc2 Qc7 17. b3 Nb6 18. Bd3 b4 19. a4 a5 20. f4 f5 21. exf6 gxf6 22. Be3 0-0-0 23. Nd2 Kb7 24. Rc1 f5 25. Nf3 Bf6 26. Ne5 Bxe5 27. dxe5 Rc8 28. Nd4 Qb8 29. Nb5 Ka8 30. Nd6 Rc7 31. Rc5 d4 32. Bf2 Nd5 33. Qf3 Nc3 34. Bxd4 Qb6 35. Nc4 Qb8 36. Rxa5+ 1-0

[Event "Vestmanna Almennur op"]
[Site "Vestmanna"]
[Date "2011.04.18"]
[Round "4.1"]
[White "Mikkelsen, Jon"]
[Black "Andreasen, Jakup a Rogvi"]
[Result "1/2-1/2"]
[WhiteElo "1768"]
[BlackElo "1994"]
[PlyCount "47"]
[EventDate "2011.04.16"]
[EventType "swiss"]
[EventRounds "9"]
[EventCountry "FAI"]
[SourceTitle "EXT 2024"]
[Source "ChessBase"]
[SourceDate "2023.10.10"]
[SourceVersion "1"]
[SourceVersionDate "2023.10.10"]
[SourceQuality "1"]

1. Nf3 c5 2. g3 Nc6 3. c4 d6 4. Bg2 e5 5. Nc3 Be7 6. Nd5 f5 7. Nxe7 Qxe7 8. d3 Nf6 9. 0-0 Bd7 10. a3 h6 11. Nh4 Qf7 12. e4 f4 13. Nf5 Bxf5 14. exf5 g5 15. fxg6 Qxg6 16. Bxc6+ bxc6 17. Qf3 Kd7 18. b4 cxb4 19. axb4 Qh5 20. Qxh5 Nxh5 21. Bd2 a6 22. Ra5 Rhg8 23. Rfa1 fxg3 24. fxg3 1/2-1/2

[Event "Vestmanna op"]
[Site "Vestmanna"]
[Date "2011.04.03"]
[Round "5"]
[White "Andreasen, Jakup a Rogvi"]
[Black "Mikkelsen, Jon"]
[Result "1-0"]
[WhiteElo "1994"]
[BlackElo "1768"]
[PlyCount "59"]
[EventDate "2011.04.01"]
[EventType "swiss"]
[EventRounds "5"]
[EventCountry "FAI"]
[SourceTitle "CBM 141 Extra"]
[Source "ChessBase"]
[SourceDate "2011.05.03"]
[SourceVersion "1"]
[SourceVersionDate "2011.05.03"]
[SourceQuality "1"]

1. d4 Nf6 2. Bg5 g6 3. Bxf6 exf6 4. Nc3 Bg7 5. e4 d6 6. Nf3 0-0 7. Bd3 Nc6 8. Qd2 f5 9. exf5 Re8+ 10. Kf1 Nxd4 11. Nxd4 Bxd4 12. fxg6 hxg6 13. h4 Bf6 14. h5 Bg5 15. f4 Qf6 16. Nd5 Qd4 17. Nxc7 Bxf4 18. Qc3 Qxc3 19. bxc3 Bg4 20. Nxa8 Rxa8 21. hxg6 Bg3 22. gxf7+ Kxf7 23. Rh7+ Ke6 24. Rxb7 Bh2 25. Re1+ Kd5 26. Be4+ Kc5 27. Rc7+ Kb6 28. Bxa8 Kxc7 29. Re7+ Kb6 30. Rg7 1-0

[Event "Vestmanna op"]
[Site "Vestmanna"]
[Date "2011.04.03"]
[Round "4"]
[White "Jogvansson, Hjalti Toftum"]
[Black "Andreasen, Jakup a Rogvi"]
[Result "1/2-1/2"]
[WhiteElo "1890"]
[BlackElo "1994"]
[PlyCount "111"]
[EventDate "2011.04.01"]
[EventType "swiss"]
[EventRounds "5"]
[EventCountry "FAI"]
[SourceTitle "CBM 141 Extra"]
[Source "ChessBase"]
[SourceDate "2011.05.03"]
[SourceVersion "1"]
[SourceVersionDate "2011.05.03"]
[SourceQuality "1"]

1. d4 e6 2. Nf3 c5 3. c3 Nc6 4. Bf4 Qb6 5. b3 cxd4 6. Nxd4 Bc5 7. e3 e5 8. Nxc6 exf4 9. Nd4 fxe3 10. fxe3 Nf6 11. Qf3 0-0 12. Bd3 Bxd4 13. exd4 Re8+ 14. Kd2 d5 15. Kc2 Bg4 16. Qf4 Rac8 17. Kb2 Qe6 18. Nd2 Qe3 19. Qxe3 Rxe3 20. Kc2 Ne4 21. Bxe4 Rexc3+ 22. Kb2 dxe4 23. Nxe4 Rc2+ 24. Ka3 Rxg2 25. Rhg1 Rxg1 26. Rxg1 f5 27. Kb4 fxe4 28. Rxg4 Re8 29. Rg2 e3 30. Re2 Kf7 31. Kc3 Re6 32. Kd3 Ke7 33. d5 Re5 34. Rxe3 Rxe3+ 35. Kxe3 Kd6 36. Ke4 b5 37. a4 a6 38. axb5 axb5 39. h3 g6 40. Kf4 h6 41. Ke4 b4 42. h4 g5 43. h5 Ke7 44. Ke5 Kd7 45. Kf5 Kd6 46. Ke4 g4 47. Kf4 g3 48. Kxg3 Kxd5 49. Kf4 Kd4 50. Kf5 Kc3 51. Kg6 Kxb3 52. Kxh6 Ka2 53. Kg7 b3 54. h6 b2 55. h7 b1Q 56. h8Q 1/2-1/2

[Event "Vestmanna op"]
[Site "Vestmanna"]
[Date "2011.04.02"]
[Round "3"]
[White "Andreasen, Jakup a Rogvi"]
[Black "Rodgaard, John"]
[Result "1/2-1/2"]
[WhiteElo "1994"]
[BlackElo "2352"]
[PlyCount "54"]
[EventDate "2011.04.01"]
[EventType "swiss"]
[EventRounds "5"]
[EventCountry "FAI"]
[SourceTitle "CBM 141 Extra"]
[Source "ChessBase"]
[SourceDate "2011.05.03"]
[SourceVersion "1"]
[SourceVersionDate "2011.05.03"]
[SourceQuality "1"]

1. d4 d5 2. e3 Nf6 3. Bd3 c5 4. c3 Qc7 5. f4 g6 6. Nf3 Bg7 7. 0-0 0-0 8. Ne5 b6 9. Qe2 Bb7 10. Nd2 Nbd7 11. h4 Ne4 12. Qf3 Ndf6 13. g4 Nxd2 14. Bxd2 Ne4 15. Qg2 f6 16. Nf3 e5 17. Rae1 Rae8 18. Bc1 Nd6 19. Be2 e4 20. Nh2 cxd4 21. exd4 Bc6 22. Qh3 Bb5 23. h5 Rf7 24. Bxb5 Nxb5 25. hxg6 hxg6 26. f5 g5 27. Nf3 Rff8 1/2-1/2